<?xml version="1.0" encoding="UTF-8"?>
<record
    xmlns:xsi="http://www.w3.org/2001/XMLSchema-instance"
    xsi:schemaLocation="http://www.loc.gov/MARC21/slim http://www.loc.gov/standards/marcxml/schema/MARC21slim.xsd"
    xmlns="http://www.loc.gov/MARC21/slim">

  <leader>00246nam a22000977a 4500</leader>
  <datafield tag="999" ind1=" " ind2=" ">
    <subfield code="c">516021</subfield>
    <subfield code="d">516021</subfield>
  </datafield>
  <datafield tag="100" ind1=" " ind2=" ">
    <subfield code="a">Chand Ramesh</subfield>
    <subfield code="9">22312</subfield>
  </datafield>
  <datafield tag="245" ind1=" " ind2=" ">
    <subfield code="a">India's agricultural challenges</subfield>
  </datafield>
  <datafield tag="260" ind1=" " ind2=" ">
    <subfield code="a">New Delhi</subfield>
    <subfield code="b">Centad</subfield>
    <subfield code="c">2005</subfield>
  </datafield>
  <datafield tag="300" ind1=" " ind2=" ">
    <subfield code="a">257p.</subfield>
  </datafield>
  <datafield tag="600" ind1=" " ind2=" ">
    <subfield code="a">Agricultural policy</subfield>
    <subfield code="9">22313</subfield>
  </datafield>
  <datafield tag="952" ind1=" " ind2=" ">
    <subfield code="0">0</subfield>
    <subfield code="1">0</subfield>
    <subfield code="2">ddc</subfield>
    <subfield code="4">0</subfield>
    <subfield code="6">TNC_ZX54_C361</subfield>
    <subfield code="7">0</subfield>
    <subfield code="a">IIPA</subfield>
    <subfield code="b">IIPA</subfield>
    <subfield code="d">2021-02-16</subfield>
    <subfield code="o">TNC Zx54 C361</subfield>
    <subfield code="p">GR22356.1</subfield>
    <subfield code="r">2021-02-16</subfield>
    <subfield code="w">2021-02-16</subfield>
    <subfield code="y">GR</subfield>
  </datafield>
</record>
